| 000 | 00548nam a2200241Ia 4500 | ||
|---|---|---|---|
| 008 | 210210b1942 xxu||||| |||| 00| 0 eng d | ||
| 041 | _aeng | ||
| 082 | _a825/1211 | ||
| 100 | _aBOAS ( Frederick S) | ||
| 245 | _aYears work in english studies 1940 Vol 21 | ||
| 260 |
_aLondon _bOxford University Press _c1942 |
||
| 440 | _a21 | ||
| 650 | _aYears | ||
| 650 | _awork | ||
| 650 | _aVol | ||
| 650 | _astudies | ||
| 650 | _ain | ||
| 650 | _aenglish | ||
| 650 | _a21 | ||
| 650 | _a1940 | ||
| 690 | _aEnglish Criticism | ||
| 906 | _a015525 | ||
| 999 |
_c134903 _d134903 |
||